000 00621nam a22002052 4500
001 0000005151
005 20151217151954.0
008 070607s xx 000 0 eng d
020 _a8129707144 :
_cKES 1,800
040 _aKABU
_cKABU
050 0 _aTJ223
_b.P76K36
100 1 _aKamal, Raj.
_@0000154006
245 1 0 _aMicrocontrollers :
_barchitecture, programming, interfacing and system design.
260 _aDelhi :
_bPearson Educ.,
_c2005.
300 _axvi, 624 p.
650 0 _aProgrammable controllers.
_@0000156285
908 _a070607
950 _@1
999 _c6872
_d6872